Statistics for "And Something" Movie Titles

Click here to take the quiz!

General Stats

  • This quiz has been taken 130,102 times
    (19,339 since last reset)
  • The average score is 19 of 28

Answer Stats

YearMovie% Correct
2001The Fast and The {Furious}
98%
1991{Beauty} and the Beast
97%
1994Dumb & {Dumber}
96%
2005{Pride} & Prejudice
94%
1967{Bonnie} and Clyde
91%
1955Lady and the {Tramp}
90%
2009Angels & {Demons}
84%
1991Thelma & {Louise}
81%
1993Dazed and {Confused}
79%
2009The Princess & the {Frog}
78%
2018Ant-Man and the {Wasp}
76%
1994{Four} {Weddings} & a Funeral
74%
2004Starsky & {Hutch}
74%
1975{Monty} {Python} and the Holy Grail
72%
19873 Men and a {Baby}
71%
1969Butch Cassidy and the {Sundance} {Kid}
69%
2016{Fantastic} {Beasts} and Where to Find Them
64%
1977Smokey and the {Bandit}
58%
1982An Officer & a {Gentleman}
56%
2009{Julie} & Julia
53%
1994{Clear} and Present Danger
52%
1988{Stand} and Deliver
52%
2001{Josie} and the Pussycats
45%
1995The Quick & the {Dead}
44%
1987{Harry} & the Hendersons
44%
1944{Arsenic} and Old Lace
32%
1971{Harold} & Maude
32%
1993{Benny} & Joon
29%

Score Distribution

Percentile by Number Answered

Percent of People with Each Score

Your Score History

You have not taken this quiz since the last reset